NBA 10 Leading Scorers Who Played For The Bucks - Statistics

General Stats
  • This quiz has been taken 42 times
  • The average score is 4 of 10
Answer Stats
Points Years Player % Correct
38,387 1969-1975 Kareem Abdul-Jabbar
97%
22,368 2023-Now Damian Lillard
89%
26,710 1970-1974 Oscar Robertson
72%
24,505 1996-2003 Ray Allen
69%
21,813 2003 Gary Payton
11%
19,923 2013-Now Giannis Antetokoumnpo
11%
20,894 2019 Pau Gasol
8%
19,460 1984-19891995-1996 Terry Cummings
8%
25,613 1976-1978 Alex English
3%
19,248 1980-1984 Bob Lanier
3%
No matching quizzes found
Score Distribution
Percent of People with Each Score
Percentile by Number Answered
Your Score History
You have not taken this quiz